00333 2200145 4500245004600000250001100046100002300057650001700080650001600097005001900113260001800132041001400150084001400164336000900178 aJejak LangkahkucAUREL RUBY SEVILLAhText aCet. 1 aAUREL RUBY SEVILLA aAutobiografi aKarya Siswa a20250521114929 aJakartac2025 aIndonesia a081 AUR j atext